00000000nam##2200000za#4500
0019.590285
003CaOODSP
00520210624200043
007cr |||||||||||
008150406|2009||||xxc|||||o    f|0| 0 eng|d
022 |a1701-1280
040 |aCaOODSP|beng
041 |aeng
041 |afre
043 |an-cn---
0861 |aFs70-4/2009-016-PDF
1101 |aCanada. |bDepartment of Fisheries and Oceans.
24510|aStock assessments on snow crab in the Estuary and Northern Gulf of St. Lawrence : |h[electronic resource]|bFebruary 2 to 4, 2009, Maurice Lamontagne Institute / |cJean-Jacques Maguire, Meeting Chairperson; Sonia Dubé, Rapporteur.
260 |aMont-Joli - Quebec : |bFisheries and Oceans Canada |cMay 2009.
300 |a29p.
4901 |aCanadian Science Advisory Secretariat proceedings series|x1701-1280|v2009/016
590 |a14-19-Supp|b2014-11-03
792 |tÉvaluation des stocks de crabe des neiges de l'estuaire et du nord du golfe du Saint-Laurent : |efre|w(CaOODSP)9.590286
830#0|aProceedings series (Canadian Science Advisory Secretariat)|x1701-1280|v2009/016|w(CaOODSP)9.500507
85640|ahttp://publications.gc.ca|qPDF|s138 KB|uhttps://publications.gc.ca/collections/collection_2014/mpo-dfo/Fs70-4-2009-016.pdf|y2009/016